000 00809cam a2200181 i 4500
020 _a9780801039836 (pbk.)
041 _aENG
082 0 0 _a220.6
_bHUM
100 1 _aHumphrey, Edith McEwan.
245 1 0 _aScripture and tradition : What the Bible Really Says
260 _aUnites States of America
_bBaker Academic
_c2013
300 _ax, 182 pages ;
490 0 _aAcadia studies in Bible and theology
505 0 _aLost in translation? -- Deadly traditions: the Bible, the rabbis, Jesus, and St. Paul -- Apostles, the word, and the letter -- Blessed delivery: receiving in both directions -- Tradition as God's personal gift -- Holy tradition vs. human traditions: discerning the difference today.
650 0 _aBible and tradition.
_aTradition - Theology
650 0 _aTradition (Theology)
942 _cBK
999 _c22551
_d22551